000 00924cam a22002771 4500
001 8406
003 BD-RjUL
005 20211208234601.0
008 140118r19651963xx 000 0 eng d
035 _a(BD-RjUL)8451
035 _a(OCoLC)239373
040 _aDLC
_cODaWU
_dDLC
_d(BD-RjUL)
_beng
041 _aeng
082 0 0 _219
_a382.01
_bINT
100 1 _d1900-1978,
_96081
245 1 0 _aInternational trade theory in a developing world :
_bProceedings of a Conference Held by the International Economic Association /
_cEd by Harrod,Roy
260 _aLondon :
_bMacmillan,
_c[c1963] [Reprent 1965]
300 _a570 p. ;
_c21cm.
504 _aBibliographical footnotes.
650 0 _aInternational economic relations.
_926171
650 0 _aCommerce.
_926172
700 1 _aHague, Douglas Chalmers,
_eed.
_926173
710 2 _aInternational Economic Association.
_96849
942 _2ddc
_cBK
999 _c8406
_d8406